<?xml version="1.0" encoding="UTF-8"?>
<record
    xmlns:xsi="http://www.w3.org/2001/XMLSchema-instance"
    xsi:schemaLocation="http://www.loc.gov/MARC21/slim http://www.loc.gov/standards/marcxml/schema/MARC21slim.xsd"
    xmlns="http://www.loc.gov/MARC21/slim">

  <leader>00847nam a22002057a 4500</leader>
  <controlfield tag="005">20220720115400.0</controlfield>
  <controlfield tag="008">220720b           ||||| |||| 00| 0 eng d</controlfield>
  <datafield tag="040" ind1=" " ind2=" ">
    <subfield code="c">Aloy</subfield>
  </datafield>
  <datafield tag="041" ind1=" " ind2=" ">
    <subfield code="a">hin</subfield>
  </datafield>
  <datafield tag="082" ind1=" " ind2=" ">
    <subfield code="2">23</subfield>
    <subfield code="a">H891.301</subfield>
    <subfield code="b">MRUK</subfield>
  </datafield>
  <datafield tag="100" ind1=" " ind2=" ">
    <subfield code="a">Suraj Mrudul: &#x938;&#x942;&#x930;&#x91C; &#x92E;&#x943;&#x926;&#x941;&#x932; </subfield>
    <subfield code="9">51755</subfield>
  </datafield>
  <datafield tag="245" ind1=" " ind2=" ">
    <subfield code="a">Kahi bathkahi: janjeevan se judi shresht laghukathaye:</subfield>
    <subfield code="b">&#x915;&#x939;&#x940; &#x92C;&#x924;&#x915;&#x939;&#x940;: &#x91C;&#x928;&#x91C;&#x940;&#x935;&#x928; &#x938;&#x947; &#x91C;&#x941;&#x921;&#x940; &#x936;&#x94D;&#x930;&#x947;&#x937;&#x94D;&#x91F; &#x932;&#x918;&#x941;&#x915;&#x925;&#x93E;&#x90F;&#x901; </subfield>
  </datafield>
  <datafield tag="260" ind1=" " ind2=" ">
    <subfield code="a">Hariyana:</subfield>
    <subfield code="b">Tarika Prakashan,</subfield>
    <subfield code="c">2005</subfield>
  </datafield>
  <datafield tag="300" ind1=" " ind2=" ">
    <subfield code="a">xiv,80p.</subfield>
    <subfield code="b">HB</subfield>
    <subfield code="c">22x14cm,</subfield>
  </datafield>
  <datafield tag="365" ind1=" " ind2=" ">
    <subfield code="2">Hindi</subfield>
    <subfield code="b">100.00</subfield>
    <subfield code="c">&#x20B9;</subfield>
    <subfield code="d">100.00</subfield>
  </datafield>
  <datafield tag="650" ind1=" " ind2=" ">
    <subfield code="a">Hindi Fiction: &#x939;&#x93F;&#x902;&#x926;&#x940; &#x915;&#x939;&#x93E;&#x928;&#x940; </subfield>
    <subfield code="9">51756</subfield>
  </datafield>
  <datafield tag="650" ind1=" " ind2=" ">
    <subfield code="a">Hindi Literature: &#x939;&#x93F;&#x902;&#x926;&#x940; &#x938;&#x93E;&#x939;&#x93F;&#x924;&#x94D;&#x92F; </subfield>
    <subfield code="9">51757</subfield>
  </datafield>
  <datafield tag="700" ind1=" " ind2=" ">
    <subfield code="a">MRUDUL (Suraj):  &#x92E;&#x943;&#x926;&#x941;&#x932; (&#x938;&#x942;&#x930;&#x91C;)</subfield>
    <subfield code="9">51758</subfield>
  </datafield>
  <datafield tag="942" ind1=" " ind2=" ">
    <subfield code="2">ddc</subfield>
    <subfield code="c">GF</subfield>
  </datafield>
  <datafield tag="999" ind1=" " ind2=" ">
    <subfield code="c">224024</subfield>
    <subfield code="d">224024</subfield>
  </datafield>
  <datafield tag="952" ind1=" " ind2=" ">
    <subfield code="0">0</subfield>
    <subfield code="1">0</subfield>
    <subfield code="2">ddc</subfield>
    <subfield code="4">0</subfield>
    <subfield code="7">0</subfield>
    <subfield code="8">HIN</subfield>
    <subfield code="a">AL</subfield>
    <subfield code="b">AL</subfield>
    <subfield code="d">2013-03-24</subfield>
    <subfield code="l">0</subfield>
    <subfield code="o">H891.301 MRUK</subfield>
    <subfield code="p">GF02461</subfield>
    <subfield code="r">2022-07-20 00:00:00</subfield>
    <subfield code="w">2022-07-20</subfield>
    <subfield code="y">GF</subfield>
  </datafield>
</record>
